हसगत (Record no. 1243993)

MARC details
000 -LEADER
fixed length control field 00567nam a2200193Ia 4500
008 - FIXED-LENGTH DATA ELEMENTS--GENERAL INFORMATION
fixed length control field 151121s9999||||xx |||||||||||||| ||und||
082 ## - DEWEY DECIMAL CLASSIFICATION NUMBER
Classification number 817/प्रभाव
082 ## - DEWEY DECIMAL CLASSIFICATION NUMBER
Item number HNW-62456
100 ## - MAIN ENTRY--PERSONAL NAME
Personal name प्रभावळकर दिलीप।
245 ## - TITLE STATEMENT
Title हसगत
260 ## - PUBLICATION, DISTRIBUTION, ETC. (IMPRINT)
Name of publisher, distributor, etc "अंतरकर, पुणे।"
260 ## - PUBLICATION, DISTRIBUTION, ETC. (IMPRINT)
Date of publication, distribution, etc --
300 ## - PHYSICAL DESCRIPTION
Extent 221
600 ## - SUBJECT ADDED ENTRY--PERSONAL NAME
Personal name प्रभावळकर दिलीप।
630 ## - SUBJECT ADDED ENTRY--UNIFORM TITLE
Uniform title हसगत
700 ## - ADDED ENTRY--PERSONAL NAME
Personal name प्रभावळकर दिलीप।
730 ## - ADDED ENTRY--UNIFORM TITLE
Uniform title हसगत
942 ## - ADDED ENTRY ELEMENTS (KOHA)
Koha item type Book
Holdings
Withdrawn status Lost status Damaged status Not for loan Home library Current library Date acquired Cost, normal purchase price Total Checkouts Full call number Barcode Date last seen Cost, replacement price Price effective from Koha item type
        Hirachand Nemchand Wachanalaya, Solapur Hirachand Nemchand Wachanalaya, Solapur 11/21/2015 150.00   HNW-62456 HNW-62456 11/21/2015 150.00 11/21/2015 Book